| Tag |
First Indicator |
Second Indicator |
Subfields |
| LEADER |
00000cam a2200000 a 4500 |
| 001 |
in00001245839 |
| 005 |
20151003093452.0 |
| 008 |
950606s1994 txua b s000 0 eng d |
| 035 |
|
|
|a (OCoLC)32603499
|
| 035 |
|
|
|9 AGV6486AM
|
| 040 |
|
|
|a PAY
|c PAY
|d TXA
|d UtOrBLW
|
| 049 |
|
|
|a TXAM
|
| 086 |
|
|
|a N330.7 G139 no.41
|2 txdocs
|
| 090 |
|
|
|a QH541.5.E8
|b G63 no. 41
|
| 245 |
0 |
0 |
|a Estimated loadings of partially treated domestic wastewater on Galveston Bay /
|c prepared by George J. Guillen [and others].
|
| 264 |
|
1 |
|a [Clear Lake, Tex.?] :
|b Galveston Bay National Estuary Program,
|c 1994.
|
| 300 |
|
|
|a xii, 116 pages :
|b illustrations ;
|c 28 cm.
|
| 336 |
|
|
|a text
|b txt
|2 rdacontent
|
| 337 |
|
|
|a unmediated
|b n
|2 rdamedia
|
| 338 |
|
|
|a volume
|b nc
|2 rdacarrier
|
| 490 |
1 |
|
|a Publication / GBNEP ;
|v 41
|
| 500 |
|
|
|a "October 1994."
|
| 504 |
|
|
|a Includes bibliographical references (pages 61-62).
|
| 650 |
|
0 |
|a Water quality management
|z Texas
|z Galveston Bay.
|
| 650 |
|
0 |
|a Water
|x Pollution
|z Texas
|z Galveston Bay.
|
| 651 |
|
0 |
|a Galveston Bay (Tex.)
|
| 700 |
1 |
|
|a Guillen, George J.
|
| 710 |
2 |
|
|a Galveston Bay National Estuary Program.
|
| 830 |
|
0 |
|a GBNEP publication ;
|v no. 41.
|
| 999 |
|
|
|a MARS
|
| 999 |
f |
f |
|s 074bcdcf-5d8b-35aa-a454-fa9a10d42bbc
|i cdb2c478-123a-3ae1-851d-da61fdce0d7e
|t 0
|
| 952 |
f |
f |
|p noncirc
|a Texas A&M University
|b Galveston Campus
|c Jack K. Williams Library
|d Galveston Bay Archive Collection
|t 0
|e QH 541.5 .E8 G32 no. 41
|h Library of Congress classification
|i unmediated -- volume
|m 33620000782728
|
| 952 |
f |
f |
|p ric
|a Texas A&M University
|b Rellis Campus
|c Joint Library Facility
|d Remote Storage
|t 0
|e QH541.5.E8 G63 no.41
|h Library of Congress classification
|i unmediated -- volume
|m A14819507024
|
| 998 |
f |
f |
|a QH 541.5 .E8 G32 no. 41
|t 0
|l Galveston Bay Archive Collection
|
| 998 |
f |
f |
|a QH541.5.E8 G63 no.41
|t 0
|l Remote Storage
|